Recientes avances en veterinaria. (Record no. 126314)

MARC details
000 -LEADER
campo de control de longitud fija 01063nam a2200253 i 4500
001 - NÚMERO DE CONTROL
campo de control 126314
003 - IDENTIFICADOR DE NÚMERO DE CONTROL
campo de control ES-MaACL
005 - FECHA Y HORA DE LA ÚLTIMA TRANSACCIÓN
campo de control 20230906192810.0
007 - CAMPO FIJO DE DESCRIPCIÓN FÍSICA--INFORMACIÓN GENERAL
campo de control de longitud fija t|
008 - DATOS DE LONGITUD FIJA--INFORMACIÓN GENERAL
campo de control de longitud fija 070214m19411946sp r ||||1| spa d
245 00 - MENCIÓN DEL TÍTULO
Título Recientes avances en veterinaria.
260 ## - PUBLICACIÓN, DISTRIBUCIÓN, ETC.
Lugar de publicación, distribución, etc. Madrid :
Nombre del editor, distribuidor, etc. [s.n.],
Fecha de publicación, distribución, etc. 1941-1946 (
Fabricante Gráf. Ultra)
300 ## - DESCRIPCIÓN FÍSICA
Extensión 4 v. :
Otras características físicas il. ;
Dimensiones 21 cm.
490 1# - MENCIÓN DE SERIE
Mención de serie Biblioteca de biología aplicada
505 8# - NOTA DE CONTENIDO CON FORMATO
Nota de contenido con formato Contiene: Tomo I. Plan decenal de ganadería por Mariano Rodríguez de Torres. Biometría por Carlos Luis de Cuenca. Tomo II. Vitaminas por Julio Morros Sardá. Fecundación artificial por Domingo Carbonero Bravo. Apicultura práctica española por León Hergueta Navas
700 1# - ENTRADA AGREGADA--NOMBRE PERSONAL
Nombre de persona Rodríguez de Torres, Mariano.
9 (RLIN) 98477
700 1# - ENTRADA AGREGADA--NOMBRE PERSONAL
Nombre de persona Cuenca, Carlos Luis de.
9 (RLIN) 41995
700 1# - ENTRADA AGREGADA--NOMBRE PERSONAL
Nombre de persona Morros Sardá, Julio.
9 (RLIN) 83700
700 1# - ENTRADA AGREGADA--NOMBRE PERSONAL
Nombre de persona Carbonero Bravo, Domingo.
9 (RLIN) 35080
700 1# - ENTRADA AGREGADA--NOMBRE PERSONAL
Nombre de persona Hergueta Navas, León.
9 (RLIN) 62712
830 0# - PUNTO DE ACCESO ADICIONAL DE SERIE-TÍTULO UNIFORME
Título uniforme Biblioteca de biología aplicada
9 (RLIN) 182901
852 ## - LOCALIZACIÓN
Ubicación ES-MaACL
Número de control de estantería E-3550-3
Sublocalización o colección R.19850-23685
Holdings
Estatus retirado Estado de pérdida Estado de daño No para préstamo Biblioteca de origen Biblioteca actual Ubicación en estantería Fecha de adquisición Fuente de adquisición Total de préstamos Signatura topográfica completa Código de barras Visto por última vez Precio de reemplazo Tipo de ítem Koha
        Biblioteca del Ateneo de Madrid Biblioteca del Ateneo de Madrid Depósito 2 17/01/2008     E-3550-3 1131564 23/02/2023 23/02/2023 Libro impreso